000 00606nam a2200229Ia 4500
003 OSt
005 20221007071627.0
006 a|||||r|||| 00| 0
007 ta
008 221006b |||||||| |||| 00| 0 eng d
024 _a9,371
037 _cTextual
040 _aFLL
_cFLL
_beng
041 _2eng
_aeng
082 _aZ,91, M5
100 _aLloyd's Au.
_9689106
245 0 _aIntroduction to jurisprudence
260 _aLondon
_bEducational low-priced books scheme London
_c1985
300 _a1257p
_ccm.
942 _hZ,91, M5
_cTEXL
_2CC
999 _c1143834
_d1143834